Truyện Kiều - những lời bình /
Cuốn sách tuyển chọn những bài viết, công trình nghiên cứu, phê bình tiêu biểu nhất của các thế hệ công chúng, các nhà nghiên cứu phê bình trong và ngoài nước về truyện Kiều.
Salvato in:
| Altri autori: | |
|---|---|
| Natura: | Libro |
| Lingua: | Vietnamese |
| Pubblicazione: |
Hà Nội :
Văn hoá thông tin,
2000.
|
| Soggetti: | |
| Tags: |
Aggiungi Tag
Nessun Tag, puoi essere il primo ad aggiungerne! !
|
| Thư viện lưu trữ: | Mạng thư viện Đại học Đà Nẵng |
|---|
| LEADER | 01249cam a2200373 i 4500 | ||
|---|---|---|---|
| 001 | 000046813 | ||
| 003 | 6321 | ||
| 005 | 20040525090937.0 | ||
| 008 | 010306b2000 vm 000 vie | ||
| 020 | |c 64000 | ||
| 022 | |a T | ||
| 040 | |a IRC |c IRC |d IRC | ||
| 041 | 0 | |a vie | |
| 082 | 1 | 4 | |a 895.9212 |b Tr-K |
| 245 | 0 | 0 | |a Truyện Kiều - những lời bình / |c Hoài Hương tuyển chọn và biên soạn. |
| 260 | |a Hà Nội : |b Văn hoá thông tin, |c 2000. | ||
| 300 | |a 672tr. ; |c 20,5cm. | ||
| 520 | 3 | |a Cuốn sách tuyển chọn những bài viết, công trình nghiên cứu, phê bình tiêu biểu nhất của các thế hệ công chúng, các nhà nghiên cứu phê bình trong và ngoài nước về truyện Kiều. | |
| 600 | 1 | 4 | |a Nguyễn Du, |d 1766-1820. |
| 630 | 0 | 4 | |a Phê bình văn học. |
| 630 | 0 | 4 | |a Văn học Việt. |
| 650 | 0 | 4 | |a Thi ca Việt |x Nguyễn Du, |d 1766-1820. |
| 650 | 0 | 4 | |a Văn học |x Phê bình. |
| 700 | 1 | |a Hoài Hương, |e tuyển chọn và biên soạn. | |
| OWN | |a DUT | ||
| 999 | |a From the UDN01 | ||
| TYP | |a Monograph | ||
| TYP | |a Printed language | ||
| 980 | |a Mạng thư viện Đại học Đà Nẵng | ||